000 00480nam a22001577a 4500
005 20260312111811.0
008 260310b |||||||| |||| 00| 0 eng d
041 _aMarathi
082 _aX 891 MEH B12302
100 _aमेहंदळे, वसुधा
_9217061
245 _aसंत तुकाराम शिष्या बहिणाबाई
260 _aPune
_bBharatiya Vichar Sadhana
_c2017
300 _a88p
_bpb
365 _aRupaye
_b105
_cINR
942 _cBK
999 _c370659
_d370659